[Event "Elit(Upsala-Manhem)"]
[Site "?"]
[Date "2010.03.14"]
[Round "11"]
[White "Marttala, Thomas"]
[Black "Moberg, Karl Johan"]
[Result "1/2-1/2"]
[WhiteElo "2292"]
[BlackElo "2322"]
[PlyCount "96"]

1. c4 e5 2. Nc3 Bb4 3. g3 Bxc3 4. bxc3 d6 5. Bg2 Ne7 6. d4 Nbc6 7. Nf3 O-O 8.
O-O f6 9. Ba3 Rb8 10. e3 b6 11. dxe5 Nxe5 12. Nd4 Nxc4 13. Bc1 Ne5 14. f4 Nf7
15. c4 c5 16. Ne2 Bb7 17. e4 Nc6 18. Nc3 Na5 19. Qd3 Re8 20. Bd2 Nc6 21. a3 Nd4
22. Rab1 Nc6 23. Rfd1 a6 24. Nd5 Ba8 25. Bc3 Nd4 26. Bxd4 cxd4 27. Qxd4 b5 28.
cxb5 axb5 29. Nc3 Qa5 30. Qb4 Qxb4 31. Rxb4 Bc6 32. Rdb1 Ra8 33. R1b3 g5 34.
Nxb5 Bxb5 35. Rxb5 gxf4 36. gxf4 Rac8 37. Rg3+ Kh8 38. Rb7 Rf8 39. e5 dxe5 40.
Bd5 exf4 41. Rg4 Rc1+ 42. Kg2 f3+ 43. Bxf3 Ne5 44. Rgg7 Rd8 45. Rxh7+ Kg8 46.
Rhg7+ Kf8 47. Rh7 Kg8 48. Rhg7+ Kf8 1/2-1/2

[Event "Elit(Upsala-Manhem)"]
[Site "?"]
[Date "2010.03.14"]
[Round "11"]
[White "Carlhammar, Magnus"]
[Black "Johansson, Thomas"]
[Result "0-1"]
[WhiteElo "2328"]
[BlackElo "2190"]
[PlyCount "152"]

1. Nf3 d5 2. g3 c6 3. Bg2 Bg4 4. O-O Nf6 5. d4 Nbd7 6. Nbd2 e6 7. Re1 Be7 8. e4
Nxe4 9. Nxe4 dxe4 10. Rxe4 Nf6 11. Re1 O-O 12. c3 Qb6 13. h3 Bxf3 14. Bxf3 Rad8
15. Qb3 Qxb3 16. axb3 a6 17. b4 Rd7 18. Bd1 Nd5 19. Bb3 Bf6 20. h4 h5 21. Bg5
Bd8 22. Bxd8 Rfxd8 23. Kg2 g6 24. f3 Kg7 25. Kf2 Nf6 26. Re2 Rd6 27. Ra5 Nd5
28. Ra1 R6d7 29. Ree1 Nf6 30. Re5 Rd6 31. Raa5 Nd7 32. Re2 Nf6 33. Kg2 R8d7 34.
Kh3 Nd5 35. Re5 Rd8 36. Bxd5 Rxd5 37. Raxd5 Rxd5 38. Re2 Kf6 39. Kg2 e5 40.
dxe5+ Rxe5 41. Rd2 Ke6 42. Kf2 c5 43. bxc5 Rxc5 44. Re2+ Re5 45. Rd2 a5 46. c4
b5 47. cxb5 Rxb5 48. Ke3 Ke5 49. Kf2 f6 50. Ke3 Rb3+ 51. Kf2 g5 52. hxg5 fxg5
53. Kg2 g4 54. fxg4 hxg4 55. Kf2 Ke4 56. Re2+ Kd4 57. Rd2+ Rd3 58. Rc2 Rf3+ 59.
Kg2 Rb3 60. Kf2 Kd3 61. Re2 Rb4 62. b3 Rxb3 63. Ra2 Rb5 64. Ra4 Rg5 65. Kg2 Kc3
66. Re4 Kb3 67. Re3+ Kb4 68. Re4+ Kb5 69. Kf2 a4 70. Ke3 a3 71. Kf4 Rc5 72. Re8
Rc4+ 73. Kg5 Kb4 74. Kh4 a2 75. Re1 Kb3 76. Re3+ Kc2 0-1

[Event "Elit(Upsala-Manhem)"]
[Site "?"]
[Date "2010.03.14"]
[Round "11"]
[White "Lindberg, Henrik"]
[Black "Kinnmark, Ove"]
[Result "1/2-1/2"]
[WhiteElo "2265"]
[BlackElo "2264"]
[PlyCount "29"]

1. e4 d5 2. exd5 Qxd5 3. Nc3 Qd8 4. d4 g6 5. Bf4 Bg7 6. Qd2 Nf6 7. Nf3 O-O 8.
O-O-O c6 9. Bh6 Bf5 10. Bxg7 Kxg7 11. Bd3 Bg4 12. Be2 Nbd7 13. Ne5 Bxe2 14.
Qxe2 Nb6 15. Rhe1 1/2-1/2

[Event "Elit(Rockaden,Umea-Kamraterna)"]
[Site "?"]
[Date "2010.03.14"]
[Round "11"]
[White "Svensson, Bengt"]
[Black "Eriksson, Jorgen"]
[Result "1-0"]
[WhiteElo "2468"]
[BlackElo "2319"]
[PlyCount "107"]

1. e4 e5 2. Nf3 Nc6 3. Nc3 Nf6 4. Bb5 Bb4 5. O-O O-O 6. d3 Bxc3 7. bxc3 d6 8.
Bg5 a6 9. Bxc6 bxc6 10. Nd2 h6 11. Bh4 g5 12. Bg3 Be6 13. c4 Nd7 14. f3 c5 15.
Rb1 Nb6 16. Rb3 Bd7 17. Nb1 a5 18. Nc3 a4 19. Rb1 Bc6 20. a3 Qe7 21. Qd2 Kg7
22. Bf2 Rfb8 23. Be3 Nd7 24. Ne2 Nf8 25. Nc3 Ne6 26. Nd5 Bxd5 27. cxd5 Nd4 28.
Bxd4 cxd4 29. Rb4 Qe8 30. Rfb1 Rxb4 31. Qxb4 c5 32. Qb6 Qd7 33. Rb5 Ra7 34. Qb8
Ra8 35. Qb6 Ra7 36. h3 Ra8 37. Kf2 Ra7 38. Qb8 Rc7 39. Rb6 h5 40. Ra6 Rb7 41.
Qxd6 Qxd6 42. Rxd6 Rb2 43. Ke1 Rxc2 44. Rd8 f6 45. Ra8 Kf7 46. Ra7+ Ke8 47.
Rxa4 Rxg2 48. Ra8+ Kd7 49. a4 Kc7 50. a5 Kb7 51. d6 Kc6 52. a6 Ra2 53. a7 Kb7
54. d7 1-0

[Event "Elit(Rockaden,Umea-Kamraterna)"]
[Site "?"]
[Date "2010.03.14"]
[Round "11"]
[White "Forsberg, Viktor"]
[Black "Hamark, Jesper"]
[Result "1/2-1/2"]
[WhiteElo "2351"]
[BlackElo "2394"]
[PlyCount "169"]

1. Nf3 Nc6 2. e4 e5 3. Bb5 a6 4. Ba4 Nf6 5. O-O Be7 6. Re1 b5 7. Bb3 d6 8. c3
O-O 9. h3 Be6 10. d4 Bxb3 11. axb3 exd4 12. cxd4 Nb4 13. Nc3 c5 14. d5 Nd7 15.
Na2 a5 16. Bf4 Qb6 17. Qd2 Bf6 18. Nh2 Rfe8 19. Nxb4 axb4 20. Rxa8 Rxa8 21. Ng4
Bd4 22. e5 dxe5 23. Nxe5 Nxe5 24. Bxe5 Bxe5 25. Rxe5 Qd6 26. Qf4 Rf8 27. Qe4 c4
28. bxc4 bxc4 29. Re8 c3 30. bxc3 b3 31. Qe7 Qxe7 32. Rxe7 Rb8 33. Re1 b2 34.
Rb1 Kf8 35. Kf1 Rb3 36. Ke2 Rxc3 37. Rxb2 Rc5 38. d6 Ke8 39. Rb8+ Kd7 40. Rg8
g6 41. Rg7 Re5+ 42. Kf1 Rf5 43. Rxh7 Kxd6 44. g4 Rf4 45. Kg2 Ke6 46. Kg3 Ra4
47. h4 Kf6 48. Rh8 Ra1 49. Rb8 Rh1 50. Rb6+ Kg7 51. Rb5 Rg1+ 52. Kf3 Rh1 53. h5
gxh5 54. Rxh5 Ra1 55. Rb5 Kg6 56. Kg3 Ra3+ 57. f3 Rc3 58. Rd5 Ra3 59. Kf4 Ra4+
60. Kg3 Ra3 61. Re5 Rb3 62. Kf4 Rb4+ 63. Re4 Rb3 64. Ra4 Rc3 65. Ra6+ Kg7 66.
Rd6 Ra3 67. Ke4 Ra4+ 68. Rd4 Ra5 69. f4 Rb5 70. Rd5 Rb6 71. Kf5 Rf6+ 72. Kg5
Rg6+ 73. Kh4 Rh6+ 74. Kg3 Rh1 75. Rd6 Rf1 76. f5 Ra1 77. Kf4 Ra4+ 78. Kg5 Ra5
79. Kf4 Ra4+ 80. Kf3 Ra5 81. Ke4 Ra4+ 82. Rd4 Ra5 83. g5 Ra1 84. Rd8 Re1+ 85.
Kf4 1/2-1/2

[Event "Elit(Rockaden,Umea-Kamraterna)"]
[Site "?"]
[Date "2010.03.14"]
[Round "11"]
[White "Aberg, Anton"]
[Black "Wickstrom, Lucas"]
[Result "1/2-1/2"]
[WhiteElo "2454"]
[BlackElo "2301"]
[PlyCount "151"]

1. c4 Nf6 2. Nc3 c5 3. g3 e6 4. Nf3 b6 5. Bg2 Bb7 6. O-O a6 7. Re1 Qc7 8. e4 d6
9. d4 cxd4 10. Nxd4 Nbd7 11. Bg5 Be7 12. Rc1 O-O 13. b3 Rac8 14. Rc2 Rfe8 15.
Bc1 Bf8 16. Bb2 Qb8 17. Rd2 Ba8 18. Qe2 Nc5 19. Nc2 d5 20. e5 Nfe4 21. Nxe4
dxe4 22. Red1 Red8 23. Bd4 g6 24. Bxc5 Bxc5 25. Bxe4 Rxd2 26. Rxd2 Qxe5 27.
Bxa8 Qxe2 28. Rxe2 Rxa8 29. Rd2 a5 30. Kf1 Kf8 31. Rd7 Ke8 32. Rb7 Rd8 33. Ke2
Rd7 34. Rb8+ Rd8 35. Rxd8+ Kxd8 36. a3 Kd7 37. b4 axb4 38. axb4 Bf8 39. Kd3 Bg7
40. c5 Kc6 41. cxb6 Kxb6 42. Kc4 Bb2 43. Ne1 Be5 44. Nd3 Bd6 45. Nb2 h5 46.
Na4+ Kc6 47. h3 Be7 48. Nc3 h4 49. g4 g5 50. f3 Kb6 51. b5 Ka5 52. Ne2 Kb6 53.
Nd4 Bd6 54. Nc6 Kc7 55. Kd3 Bf4 56. Ke4 Kb6 57. Nd8 Kxb5 58. Nxf7 Kc6 59. Ne5+
Kd6 60. Nd3 Bg3 61. Kd4 Bh2 62. Kc4 Bg3 63. Nc5 Ke5 64. Kd3 Kd5 65. Ne4 Bf4 66.
Nc3+ Ke5 67. Ne2 Bh2 68. Ke3 Bg3 69. Kd3 Bh2 70. Kc4 Kd6 71. Kd4 e5+ 72. Ke4
Ke6 73. Nc1 Bg3 74. Nd3 Bf4 75. Nb2 Kd6 76. Nc4+ 1/2-1/2

[Event "Elit(Rockaden,Umea-Kamraterna)"]
[Site "?"]
[Date "2010.03.14"]
[Round "11"]
[White "Malmstig, Erik"]
[Black "Andreasson, Ingvar"]
[Result "1-0"]
[WhiteElo "2307"]
[BlackElo "2434"]
[PlyCount "81"]

1. d4 e6 2. c4 f5 3. g3 Nf6 4. Bg2 d5 5. Nh3 Be7 6. O-O O-O 7. b3 c6 8. Ba3 Na6
9. Qc1 Bd7 10. Rd1 Nb4 11. Bb2 Na6 12. a3 Nc7 13. Nd2 Be8 14. Nf4 g5 15. Nd3
Bh5 16. Re1 Nd7 17. f3 f4 18. e4 Bg6 19. Qc3 fxg3 20. hxg3 Bf6 21. Bh3 c5 22.
e5 cxd4 23. Qxd4 Bg7 24. cxd5 exd5 25. Rac1 Kh8 26. Nc5 Nxc5 27. Qxc5 Na6 28.
Qe3 Qe7 29. b4 Bf5 30. Bf1 Nc7 31. Nb3 Ne6 32. Nd4 Nxd4 33. Bxd4 Qe6 34. Rc7
Bh6 35. Rxb7 Rac8 36. Rxa7 Rc4 37. Bxc4 dxc4 38. b5 Bd3 39. g4 Bg7 40. Ra6 Qd5
41. Rd6 1-0

[Event "Elit(Rockaden,Umea-Kamraterna)"]
[Site "?"]
[Date "2010.03.14"]
[Round "11"]
[White "Akbarinia, Arash"]
[Black "Hammar, Ulf"]
[Result "0-1"]
[WhiteElo "2349"]
[BlackElo "2270"]
[PlyCount "126"]

1. Nf3 d5 2. d4 c6 3. c4 Nf6 4. Qc2 dxc4 5. Qxc4 Bg4 6. Ne5 Be6 7. Qd3 Nbd7 8.
Nxd7 Qxd7 9. Nc3 Rd8 10. e3 Bf5 11. Qe2 e6 12. e4 Bg6 13. Bg5 Bb4 14. Bxf6 gxf6
15. Rd1 Qc7 16. Qf3 Qa5 17. Be2 f5 18. e5 Qxa2 19. Rd2 Qa1+ 20. Bd1 Qa6 21. h4
h5 22. Qf4 Bf8 23. Qe3 f4 24. Qe2 Qxe2+ 25. Bxe2 Bf5 26. Bf3 Bg7 27. Be4 Bxe4
28. Nxe4 Ke7 29. Ke2 f6 30. Ra1 a6 31. exf6+ Bxf6 32. Nxf6 Kxf6 33. Ra5 Rd5 34.
Rxd5 exd5 35. Kf3 Rg8 36. Re2 Rg4 37. Re8 Rxh4 38. Rb8 Rh1 39. Rxb7 Rd1 40. Rb6
Rd3+ 41. Kxf4 Rxd4+ 42. Ke3 Rc4 43. Rxa6 Ke5 44. Rb6 Rc2 45. Rb8 d4+ 46. Kf3 c5
47. b3 h4 48. Rb7 Rb2 49. Rb8 Kd6 50. Rb6+ Kc7 51. Rb5 Rc2 52. Ke4 Kc6 53. Rb8
Rxf2 54. Rc8+ Kd6 55. Rd8+ Kc7 56. Rh8 Re2+ 57. Kd3 Rb2 58. Rxh4 Rxb3+ 59. Kc4
Rc3+ 60. Kd5 d3 61. Rh1 d2 62. Rd1 Rc2 63. g4 Kd7 0-1

[Event "Elit(Rockaden,Umea-Kamraterna)"]
[Site "?"]
[Date "2010.03.14"]
[Round "11"]
[White "Nygren, David"]
[Black "Madebrink, Lars"]
[Result "0-1"]
[WhiteElo "2206"]
[BlackElo "2262"]
[PlyCount "168"]

1. e4 d5 2. exd5 Qxd5 3. Nc3 Qd6 4. d4 Nf6 5. g3 Bg4 6. Qd3 c6 7. Bg2 e6 8. Nf3
Be7 9. O-O O-O 10. a3 Qc7 11. Ne5 Bf5 12. Qe2 Nbd7 13. Nc4 Nb6 14. Bf4 Qd8 15.
Ne3 Bg6 16. Be5 Nfd7 17. Bf4 Re8 18. Rfd1 Nd5 19. Ncxd5 exd5 20. c4 dxc4 21.
Qxc4 Nb6 22. Qb3 Bd6 23. Be5 Kf8 24. a4 Rb8 25. a5 Nc8 26. Nc4 Bc7 27. Re1 Ne7
28. Qa3 f6 29. Bd6 Qd7 30. Bh3 Bxd6 31. Bxd7 Bxa3 32. Bxe8 Bb4 33. Bxg6 Bxe1
34. Bxh7 Bb4 35. Ra4 c5 36. dxc5 Bxc5 37. Be4 b5 38. axb6 axb6 39. Ra6 Rd8 40.
Nxb6 Rd2 41. Na4 Bxf2+ 42. Kf1 Be3 43. h4 f5 44. Bb1 Nd5 45. Nc3 Nf6 46. Ra5
Rf2+ 47. Ke1 Rxb2 48. Ra3 Bd2+ 49. Kd1 Bxc3 50. Kc1 Be5 51. Ra5 Re2 52. Bd3
Re1+ 53. Kd2 Bxg3 54. h5 f4 55. Rf5 Ke7 56. Rxf4 Bxf4+ 57. Kxe1 Nxh5 58. Bg6
Ng3 59. Kf2 Kf6 60. Be8 g5 61. Kf3 Nf5 62. Bd7 Nh4+ 63. Ke4 Ng6 64. Bc8 Ne5 65.
Bh3 Kg6 66. Be6 Kh5 67. Bc8 Kh4 68. Be6 Kg3 69. Bc8 Nc4 70. Bd7 Nd6+ 71. Kd3
Kf3 72. Bc6+ Kf2 73. Bd7 Be3 74. Be6 Kf3 75. Bd5+ Kf4 76. Be6 Bb6 77. Ke2 Nf5
78. Kf1 g4 79. Bc8 g3 80. Bb7 Bf2 81. Kg2 Ne3+ 82. Kh3 Be1 83. Bc6 Bc3 84. Bb7
Be5 0-1

[Event "Elit(Rockaden,Umea-Kamraterna)"]
[Site "?"]
[Date "2010.03.14"]
[Round "11"]
[White "Svenn, Gosta"]
[Black "Engman, Rickard"]
[Result "1/2-1/2"]
[WhiteElo "2380"]
[BlackElo "2216"]
[PlyCount "130"]

1. d4 Nf6 2. c4 e6 3. Nf3 b6 4. g3 Ba6 5. b3 Bb4+ 6. Bd2 Be7 7. Nc3 d5 8. cxd5
exd5 9. Qc2 O-O 10. Bg2 c5 11. Rd1 Nc6 12. dxc5 d4 13. Bf4 Bxc5 14. O-O Qe7 15.
Na4 Bxe2 16. Rfe1 Bxd1 17. Qxd1 Qd7 18. Ne5 Nxe5 19. Bxa8 Ng6 20. Nxc5 bxc5 21.
Qf3 Nxf4 22. gxf4 Re8 23. Rxe8+ Qxe8 24. Kf1 h5 25. Bc6 Qc8 26. Bb5 Qf5 27. Bd3
Qd5 28. Ke2 Qxf3+ 29. Kxf3 Kf8 30. Bc4 Ke7 31. h3 Nd7 32. Ke4 Nb6 33. Be2 g6
34. Bb5 Kd6 35. Be8 Ke7 36. Bb5 Ke6 37. a3 f5+ 38. Kf3 Nd5 39. Bc4 Kd6 40. h4
a5 41. a4 Kc6 42. Bb5+ Kd6 43. Bc4 Ke6 44. Ke2 Kd6 45. Kf3 Nb6 46. Bf7 c4 47.
bxc4 Nxa4 48. Bxg6 Nc3 49. Bxh5 a4 50. c5+ Kxc5 51. Bf7 Nd5 52. h5 a3 53. Bxd5
Kxd5 54. h6 a2 55. h7 a1=Q 56. h8=Q Qd1+ 57. Kg2 Qg4+ 58. Kf1 Qxf4 59. Qa8+ Ke6
60. Qe8+ Kf6 61. Qf8+ Kg6 62. Qg8+ Kh5 63. Qh7+ Kg5 64. Qg7+ Kh5 65. Qh7+ Kg5
1/2-1/2

[Event "Elit(Rockaden,Umea-Kamraterna)"]
[Site "?"]
[Date "2010.03.14"]
[Round "11"]
[White "Lindgren, Fredrik"]
[Black "Nyberg, Ulf"]
[Result "1/2-1/2"]
[WhiteElo "2242"]
[BlackElo "2123"]
[PlyCount "93"]

1. d4 Nf6 2. Nf3 e6 3. c4 c5 4. d5 b5 5. dxe6 fxe6 6. cxb5 a6 7. bxa6 Bxa6 8.
Nbd2 Nc6 9. e3 Bxf1 10. Nxf1 Be7 11. Ng3 O-O 12. O-O d5 13. Ng5 Qd6 14. f4 h6
15. Nf3 Rfd8 16. Qc2 Qd7 17. Kh1 Nb4 18. Qb1 Qb5 19. Bd2 Nd3 20. Bc3 Ne4 21.
Nxe4 dxe4 22. Nd2 Qb7 23. b3 Bf6 24. Bxf6 gxf6 25. Nc4 f5 26. Qc2 Qg7 27. g4
fxg4 28. Qg2 Kh8 29. Rad1 Qf6 30. Kg1 Qf5 31. a4 Rab8 32. Nd2 Rb4 33. a5 Kh7
34. a6 Rd7 35. Ra1 Ra7 36. Ra5 h5 37. Rfa1 h4 38. R5a4 h3 39. Qg3 Qf6 40. Kf1
e5 41. Qxg4 exf4 42. Qxh3+ Kg8 43. Qg2+ Kf8 44. exf4 Qxf4+ 45. Ke2 e3 46. Rxb4
cxb4 47. Qf3 1/2-1/2

[Event "Elit(Rockaden,Sthlm-Team Viking)"]
[Site "?"]
[Date "2010.03.14"]
[Round "11"]
[White "Agrest, Evgenij"]
[Black "Karlsson, Lars"]
[Result "1-0"]
[WhiteElo "2680"]
[BlackElo "2535"]
[PlyCount "56"]

1. Nf3 d6 2. d4 Bg4 3. c4 c6 4. Nc3 Nd7 5. g3 e6 6. d5 cxd5 7. cxd5 e5 8. Bg2
Be7 9. h3 Bxf3 10. Bxf3 Ngf6 11. Be3 O-O 12. g4 Rc8 13. g5 Ne8 14. Bg4 a6 15.
Rg1 Rc4 16. Qd3 b5 17. b3 Rb4 18. Bxd7 Qxd7 19. Ne4 f5 20. gxf6 Nxf6 21. Ng5
Kh8 22. Ne6 Rg8 23. Bg5 Ne4 24. a3 Nxg5 25. Nxg5 Bxg5 26. axb4 Bf6 27. e4 Rf8
28. Rg2 Bh4 1-0

[Event "Elit(Rockaden,Sthlm-Team Viking)"]
[Site "?"]
[Date "2010.03.14"]
[Round "11"]
[White "Blomqvist, Erik"]
[Black "Matlakov, Maxim"]
[Result "1/2-1/2"]
[WhiteElo "2497"]
[BlackElo "2643"]
[PlyCount "92"]

1. d4 d5 2. c4 c6 3. Nf3 Nf6 4. e3 Bg4 5. h3 Bxf3 6. Qxf3 e6 7. Nc3 Nbd7 8. Bd3
Bd6 9. cxd5 exd5 10. g4 g6 11. Bd2 Qe7 12. O-O-O O-O-O 13. Kb1 Rhe8 14. Qg2 Kb8
15. f3 Nf8 16. h4 Bb4 17. Rhe1 Ne6 18. a3 Ba5 19. f4 Bxc3 20. Bxc3 Nc7 21. Bb4
Qd7 22. f5 Ne4 23. Rf1 b6 24. fxg6 fxg6 25. Rf3 a5 26. Be1 Nb5 27. Bg3+ Nxg3
28. Qxg3+ Nd6 29. Rdf1 Kb7 30. g5 Re7 31. Rf8 Nc4 32. Bxc4 dxc4 33. Rxd8 Qxd8
34. a4 Qd5 35. Rf8 Qe4+ 36. Ka2 Rc7 37. Qd6 Qe7 38. Qf6 Qxe3 39. Qd8 Qb3+ 40.
Kb1 Qd1+ 41. Ka2 Qxa4+ 42. Kb1 Qd1+ 43. Ka2 Qb3+ 44. Ka1 Qa4+ 45. Kb1 Qd1+ 46.
Ka2 Qa4+ 1/2-1/2

[Event "Elit(Rockaden,Sthlm-Team Viking)"]
[Site "?"]
[Date "2010.03.14"]
[Round "11"]
[White "Ivanov, Sergej"]
[Black "Hermansson, Emil"]
[Result "1-0"]
[WhiteElo "2629"]
[BlackElo "2465"]
[PlyCount "45"]

1. d4 Nf6 2. c4 g6 3. Nc3 d5 4. cxd5 Nxd5 5. e4 Nxc3 6. bxc3 Bg7 7. Nf3 c5 8.
Be3 Qa5 9. Bd2 O-O 10. Be2 Bg4 11. O-O Rd8 12. Rb1 cxd4 13. cxd4 Qxa2 14. Ra1
Qb2 15. Rb1 Qa2 16. d5 e6 17. Bg5 Rd7 18. Qc1 Na6 19. Bc4 Qa5 20. Qf4 Qc7 21.
e5 Bxf3 22. dxe6 Be2 23. exd7 1-0

[Event "Elit(Rockaden,Sthlm-Team Viking)"]
[Site "?"]
[Date "2010.03.14"]
[Round "11"]
[White "Barkhagen, Jonas"]
[Black "Markovic, Miroslav"]
[Result "0-1"]
[WhiteElo "2517"]
[BlackElo "2535"]
[PlyCount "144"]

1. d4 Nf6 2. c4 g6 3. Nc3 Bg7 4. e4 d6 5. Be2 O-O 6. Nf3 e5 7. O-O exd4 8. Nxd4
Re8 9. f3 c6 10. Kh1 Nh5 11. g4 Nf6 12. Be3 h5 13. g5 Nh7 14. Rg1 Qe7 15. Qd2
Na6 16. Rad1 Bh3 17. Bf1 Bxf1 18. Rgxf1 Nc7 19. Nde2 Rad8 20. Bxa7 Nxg5 21. Bb6
Nge6 22. Qe3 Rd7 23. Qf2 Ng5 24. Rd2 Qe6 25. b3 Na6 26. Bd4 Bxd4 27. Nxd4 Qf6
28. Qg3 Nxe4 29. Nxe4 Rxe4 30. Qh3 Ree7 31. f4 Nc5 32. f5 Qe5 33. fxg6 fxg6 34.
Nf3 Qe6 35. Qh4 Ne4 36. Rg2 Rg7 37. Nd4 Qe5 38. Nf3 Qe8 39. Nd4 Rde7 40. Qh3
Ref7 41. Rxf7 Qxf7 42. Qe6 Qxe6 43. Nxe6 Rf7 44. Rxg6+ Kh7 45. Rg1 Kh6 46. Re1
d5 47. cxd5 cxd5 48. Kg1 h4 49. Rd1 Nc3 50. Rd2 Rf6 51. Nd4 Ne4 52. Rc2 Kh5 53.
Rc7 Kg4 54. Rh7 Kh3 55. Rh5 Nd2 56. Rf5 Rg6+ 57. Kf2 Rg2+ 58. Ke3 Rxh2 59. Rxd5
Nf1+ 60. Kf3 Rd2 61. Ne2 Nh2+ 62. Kf2 Rxa2 63. Rb5 Rd2 64. Rxb7 Ng4+ 65. Ke1
Rd8 66. Rg7 Re8 67. Kd2 Re4 68. Rh7 Ne5 69. Rh8 Rg4 70. Ke3 Rb4 71. Nf4+ Rxf4
72. Rh5 Ng6 0-1

[Event "Elit(Rockaden,Sthlm-Team Viking)"]
[Site "?"]
[Date "2010.03.14"]
[Round "11"]
[White "Lindberg, Bo"]
[Black "Bator, Robert"]
[Result "1/2-1/2"]
[WhiteElo "2431"]
[BlackElo "2500"]
[PlyCount "78"]

1. e4 c5 2. Nc3 Nc6 3. Bb5 Nd4 4. Bc4 a6 5. d3 e6 6. Nf3 Qc7 7. Nxd4 cxd4 8.
Ne2 Bb4+ 9. Bd2 Bxd2+ 10. Qxd2 Qc5 11. b4 Qb6 12. O-O f6 13. e5 Ne7 14. exf6
gxf6 15. Qh6 Ng6 16. Rab1 Qd6 17. f4 b5 18. Bb3 Bb7 19. f5 exf5 20. Rxf5 O-O-O
21. Rbf1 Rde8 22. Ng3 Qxb4 23. Rxf6 Kb8 24. Ne4 Rhf8 25. Bf7 Rc8 26. Qxh7 Ne5
27. Bb3 Rxf6 28. Nxf6 Qd2 29. Qh3 a5 30. a4 bxa4 31. Bxa4 Ka7 32. Bb3 d6 33.
Ra1 Rf8 34. Rf1 Qe2 35. Rf2 Qe1+ 36. Rf1 Qe2 37. Rf2 Qe1+ 38. Rf1 Qe2 39. Rf2
Qe1+ 1/2-1/2

[Event "Elit(Rockaden,Sthlm-Team Viking)"]
[Site "?"]
[Date "2010.03.14"]
[Round "11"]
[White "Engqvist, Thomas"]
[Black "Degerman, Lars"]
[Result "1/2-1/2"]
[WhiteElo "2450"]
[BlackElo "2453"]
[PlyCount "70"]

1. Nf3 d5 2. d4 Nf6 3. c4 dxc4 4. e3 e6 5. Bxc4 c5 6. b3 Nc6 7. Bb2 cxd4 8.
Nxd4 Bb4+ 9. Ke2 Na5 10. Bb5+ Bd7 11. Qd3 O-O 12. Rd1 e5 13. Bxd7 Qxd7 14. Nc2
Qg4+ 15. Kf1 Nc6 16. Qe2 Qf5 17. Nxb4 Nxb4 18. Nd2 Rfd8 19. e4 Qe6 20. Nc4 Nc6
21. f3 Ne8 22. Ne3 Nc7 23. Nf5 g6 24. Nh6+ Kg7 25. Ng4 f6 26. Qe3 Kg8 27. Qc5
Kg7 28. Ne3 Qe7 29. Qc4 Rxd1+ 30. Rxd1 Rd8 31. Rxd8 Qxd8 32. Ke2 Qd6 33. Qd3
Qxd3+ 34. Kxd3 Kf7 35. Bc3 Ke6 1/2-1/2

[Event "Elit(Rockaden,Sthlm-Team Viking)"]
[Site "?"]
[Date "2010.03.14"]
[Round "11"]
[White "Sagit, Rauan"]
[Black "Hedman, Erik"]
[Result "1/2-1/2"]
[WhiteElo "2447"]
[BlackElo "2438"]
[PlyCount "115"]

1. e4 c5 2. Nf3 d6 3. d4 cxd4 4. Nxd4 Nf6 5. Nc3 a6 6. f4 e5 7. Nf3 Nbd7 8. a4
Be7 9. Bd3 O-O 10. O-O exf4 11. Kh1 Nh5 12. Nd5 Ndf6 13. Nxf4 Nxf4 14. Bxf4 Nh5
15. Be3 Nf6 16. a5 Be6 17. Nd4 Qd7 18. Nf5 Bxf5 19. Rxf5 Qe6 20. Qf3 g6 21. Rg5
Nd7 22. Rd5 Bf6 23. Bd4 Bxd4 24. Rxd4 Ne5 25. Qf4 Rac8 26. h3 Rc5 27. b4 Rc3
28. Rf1 Kg7 29. Rd5 Rc6 30. Qe3 Rd8 31. Qd4 Kg8 32. b5 axb5 33. Rxb5 Rd7 34.
Rfb1 Qe7 35. Rb6 Qg5 36. Rxb7 Rxb7 37. Rxb7 Qc1+ 38. Qg1 Nxd3 39. cxd3 Qd2 40.
Rb8+ Kg7 41. Qd4+ Kh6 42. Rb1 Qxa5 43. Qf2 Kg7 44. Rf1 Qc7 45. Qa2 Kg8 46. Qa8+
Qc8 47. Qa3 Qc7 48. Rb1 Rb6 49. Qa8+ Kg7 50. Qa1+ Kg8 51. Rc1 Qb7 52. Qd4 Rb1
53. Rxb1 Qxb1+ 54. Kh2 Qb8 55. Qf6 h5 56. Qe7 Qb4 57. Qf6 Qb8 58. Qe7 1/2-1/2

[Event "Elit(Rockaden,Sthlm-Team Viking)"]
[Site "?"]
[Date "2010.03.14"]
[Round "11"]
[White "Berowski, Krum"]
[Black "Cramling, Dan"]
[Result "1/2-1/2"]
[WhiteElo "2328"]
[BlackElo "2419"]
[PlyCount "52"]

1. d4 Nf6 2. c4 c5 3. d5 b5 4. cxb5 a6 5. bxa6 Bxa6 6. Nc3 d6 7. g3 g6 8. Bg2
Bg7 9. Nh3 Nbd7 10. O-O O-O 11. Qc2 Qc7 12. Rb1 Rfb8 13. b3 Rb7 14. Bd2 Rab8
15. a3 Rb6 16. Rb2 Qb7 17. Rfb1 Bc4 18. b4 Qa6 19. Na4 R6b7 20. bxc5 Bb3 21.
Rxb3 Qxa4 22. Rxb7 Qxc2 23. Rxb8+ Nxb8 24. Rxb8+ Bf8 25. cxd6 exd6 26. Bg5 Nd7
1/2-1/2

[Event "Elit(Limhamn-Farsta)"]
[Site "?"]
[Date "2010.03.14"]
[Round "11"]
[White "Svensk, Ingemar"]
[Black "Jepson, Christian"]
[Result "0-1"]
[WhiteElo "2259"]
[BlackElo "2463"]
[PlyCount "192"]
[SourceDate "2010.03.19"]

1. e4 e5 2. Nf3 Nc6 3. d4 exd4 4. Nxd4 Bb4+ 5. c3 Bc5 6. Be3 Bb6 7. g3 Nf6 8.
Bg2 d5 9. exd5 Nxd5 10. Nxc6 bxc6 11. Bxb6 axb6 12. O-O O-O 13. Nd2 Be6 14. Ne4
h6 15. a3 f5 16. Nd2 Qf6 17. Nf3 Rad8 18. Qd4 c5 19. Qe5 Rfe8 20. Rfe1 Bf7 21.
Qxf6 Nxf6 22. Rxe8+ Bxe8 23. a4 c4 24. Nd4 g6 25. a5 bxa5 26. Rxa5 Rb8 27. Bf1
Rxb2 28. Bxc4+ Bf7 29. Rc5 Bxc4 30. Rxc4 Ng4 31. Rxc7 Nxf2 32. Ne6 g5 33. h4
Nh3+ 34. Kf1 Rf2+ 35. Ke1 Rf3 36. hxg5 Re3+ 37. Kf1 Rxe6 38. gxh6 Rxh6 39. Rc5
Ng5 40. Rxf5 Ne4 41. Kg2 Nxc3 42. Kf3 Rd6 43. Re5 Kf7 44. Kf4 Rd4+ 45. Kf5 Nd5
46. Re1 Nf6 47. Re2 Rd3 48. Kf4 Kg6 49. Re6 Rd4+ 50. Ke5 Re4+ 51. Kd6 Ra4 52.
Ke7 Kg5 53. Re5+ Kg6 54. Re6 Ra7+ 55. Kd6 Kf5 56. Re3 Ra6+ 57. Kc5 Ne4+ 58. Kd5
Rd6+ 59. Kc4 Ke5 60. Rd3 Rc6+ 61. Kb4 Rg6 62. Rd8 Rg4 63. Re8+ Kd5 64. Rd8+
Nd6+ 65. Kc3 Ke5 66. Kd3 Rxg3+ 67. Ke2 Nc4 68. Rh8 Re3+ 69. Kf2 Rc3 70. Ke2 Nd6
71. Rd8 Rh3 72. Kd2 Nc4+ 73. Ke2 Ke4 74. Re8+ Ne5 75. Rf8 Rh2+ 76. Rf2 Rh8 77.
Rf6 Ra8 78. Rd6 Nc4 79. Re6+ Kd5 80. Re7 Ra2+ 81. Ke1 Ne5 82. Re8 Nf3+ 83. Kf1
Nd4 84. Re7 Kc4 85. Re8 Kd3 86. Rd8 Rd2 87. Re8 Rh2 88. Rd8 Rh6 89. Rd7 Ke3 90.
Re7+ Ne6 91. Re8 Rf6+ 92. Ke1 Kd3 93. Ra8 Nd4 94. Ra3+ Ke4 95. Rh3 Nf3+ 96. Ke2
Ng1+ 0-1

[Event "Elit(Limhamn-Farsta)"]
[Site "?"]
[Date "2010.03.14"]
[Round "11"]
[White "Penalver, Osmani"]
[Black "Jaderberg, Bjorn"]
[Result "1-0"]
[WhiteElo "2312"]
[BlackElo "2243"]
[PlyCount "133"]

1. d4 Nf6 2. c4 e5 3. dxe5 Ng4 4. Nf3 Bc5 5. e3 Nc6 6. a3 a5 7. Be2 Ngxe5 8.
Nxe5 Nxe5 9. O-O O-O 10. Nc3 Re8 11. Qd5 d6 12. Na4 Ba7 13. Nc3 Be6 14. Qxb7
Nxc4 15. Bf3 Nb6 16. Nb5 Bb8 17. Nd4 Bc4 18. Rd1 Ra7 19. Nc6 Rxb7 20. Nxd8 Ra7
21. Nc6 Ra6 22. Bd2 a4 23. Rdc1 d5 24. Bb4 Nd7 25. Ne7+ Kh8 26. Nxd5 Ne5 27.
Ne7 Nxf3+ 28. gxf3 Rxe7 29. Rxc4 Rd7 30. Bc5 Ba7 31. Bxa7 Rxa7 32. Rb4 g6 33.
Rc1 Kg7 34. Kf1 Rd5 35. Rcc4 Rda5 36. Rc6 Rh5 37. h4 Rd5 38. Ke2 h5 39. e4 Rda5
40. f4 Kf8 41. Ke3 Ke7 42. e5 Kd7 43. Rf6 Ke7 44. Ke4 c5 45. Rbb6 Rd7 46. Rxf7+
Kxf7 47. e6+ Ke7 48. exd7 Kxd7 49. Rxg6 Rb5 50. Rg5 Rxb2 51. Rxc5 Rxf2 52. Rxh5
Ra2 53. Rd5+ Ke7 54. Rd3 Rh2 55. Rd4 Rxh4 56. Rxa4 Rh3 57. Ke5 Re3+ 58. Kf5 Rc3
59. Ra7+ Kf8 60. a4 Rc5+ 61. Ke6 Rc6+ 62. Kd5 Rc1 63. a5 Rd1+ 64. Ke6 Rc1 65.
a6 Rc6+ 66. Kd5 Rc1 67. Rb7 1-0

[Event "Elit(Limhamn-Farsta)"]
[Site "?"]
[Date "2010.03.14"]
[Round "11"]
[White "Hjelm, Niclas"]
[Black "Schneider, Stefan"]
[Result "1/2-1/2"]
[WhiteElo "2397"]
[BlackElo "2425"]
[PlyCount "22"]
[EventDate "2010.??.??"]

1. d4 Nf6 2. c4 c6 3. Nc3 d5 4. e3 a6 5. Qc2 e6 6. Nf3 c5 7. dxc5 Bxc5 8. a3
O-O 9. b4 Bd6 10. Bb2 Nc6 11. Be2 dxc4 1/2-1/2

[Event "Elit(Limhamn-Farsta)"]
[Site "?"]
[Date "2010.03.14"]
[Round "11"]
[White "Holst, Conny"]
[Black "Wieweg, Johnny"]
[Result "1/2-1/2"]
[WhiteElo "2272"]
[BlackElo "2215"]
[PlyCount "69"]
[EventDate "2010.??.??"]

1. d4 Nf6 2. c4 g6 3. Nc3 Bg7 4. e4 d6 5. Nge2 e5 6. d5 a5 7. Ng3 h5 8. h4 Na6
9. Be2 Bd7 10. Bg5 Qe7 11. Qd2 Qf8 12. f4 Ng4 13. Bxg4 Bxg4 14. f5 f6 15. Be3
Bh6 16. fxg6 Bxe3 17. Qxe3 Qh6 18. Qxh6 Rxh6 19. O-O Rxg6 20. Nf5 Kf7 21. Rac1
Rag8 22. Rc2 Nc5 23. Rd2 Ke8 24. Kh2 Kd8 25. b3 Bxf5 26. Rxf5 Rg4 27. Rxh5 Nxe4
28. Nxe4 Rxe4 29. Rf2 Reg4 30. Rh7 e4 31. Rxf6 Rxg2+ 32. Kh1 R2g3 33. Kh2 e3
34. Rff7 Rg2+ 35. Kh1 1/2-1/2